|
|
|
|
| LEADER |
00000nam0a2200000 4500 |
| 001 |
122222 |
| 005 |
20231101215729.0 |
| 035 |
|
|
|a (RuTPU)RU\TPU\book\132347
|
| 090 |
|
|
|a 122222
|
| 100 |
|
|
|a 20070927d1953 m y0rusy50 ca
|
| 101 |
1 |
|
|a rus
|c bel
|
| 102 |
|
|
|a RU
|
| 105 |
|
|
|a c z 000ab
|
| 200 |
0 |
|
|a Т. 1: Стихотворения
|
| 215 |
|
|
|a 538 с.
|c портр.
|
| 461 |
|
|
|t Избранные произведения
|o в 2 т.
|f Я. Купала
|v Т. 1: Стихотворения
|d 1953
|
| 600 |
|
1 |
|a Купала
|b Я.
|c настоящие имя и фамилия Иван Доминикович Луцевич
|c белорусский поэт
|f 1882-1942
|g Янка
|2 stltpush
|3 (RuTPU)RU\TPU\pers\20299
|9 8091
|
| 606 |
1 |
|
|a Белорусская литература
|2 stltpush
|3 (RuTPU)RU\TPU\subj\28192
|9 51766
|
| 610 |
1 |
|
|a художественная литература
|
| 610 |
1 |
|
|a стихотворения
|
| 610 |
1 |
|
|a поэзия
|
| 675 |
|
|
|a 882.6
|v 3
|
| 801 |
|
1 |
|a RU
|b 63413507
|c 20070927
|g PSBO
|
| 801 |
|
2 |
|a RU
|b 63413507
|c 20221007
|g PSBO
|
| 942 |
|
|
|c BK
|